[Event "Cappelle Online Blitz op"]
[Site "Europe Echecs INT"]
[Date "2022.01.09"]
[Round "2"]
[White "Mallassagne, Francois Eric"]
[Black "Fridman, Daniel"]
[Result "0-1"]
[WhiteElo "2149"]
[BlackElo "2626"]
[PlyCount "62"]
[EventDate "2022.01.09"]
[EventType "swiss (blitz)"]
[EventRounds "11"]
[EventCountry "FRA"]
[SourceTitle "EXT 2023"]
[Source "ChessBase"]
[SourceDate "2022.10.05"]
[SourceVersion "1"]
[SourceVersionDate "2022.10.05"]
[SourceQuality "1"]

1. d4 d5 2. Nf3 Nf6 3. Bg5 Ne4 4. Bf4 c5 5. c3 Nc6 6. Nbd2 Qb6 7. e3 Qxb2 8. Nxe4 dxe4 9. Nd2 cxd4 10. cxd4 e5 11. Rb1 Qc3 12. Rc1 Qa5 13. d5 exf4 14. dxc6 fxe3 15. fxe3 Bb4 16. cxb7 Bxb7 17. Bc4 0-0 18. 0-0 Bxd2 19. Rc2 Bxe3+ 20. Kh1 Rac8 21. Qe2 Rxc4 22. Rxc4 Ba6 23. Qxe3 Bxc4 24. Rc1 Bd3 25. h3 Qxa2 26. Rc7 a5 27. Qc5 h6 28. Rc8 Rxc8 29. Qxc8+ Kh7 30. Qf5+ g6 31. Qxf7+ Qxf7 0-1

[Event "Europe Echecs Blitz Sept op"]
[Site "Europe Echecs INT"]
[Date "2021.09.19"]
[Round "5"]
[White "Roussat, Fabien"]
[Black "Mallassagne, Francois Eric"]
[Result "1-0"]
[WhiteElo "1681"]
[BlackElo "2149"]
[PlyCount "105"]
[EventDate "2021.09.19"]
[EventType "swiss (blitz)"]
[EventRounds "11"]
[EventCountry "FRA"]
[SourceTitle "CBM 204 Extra"]
[Source "ChessBase"]
[SourceDate "2021.11.30"]
[SourceVersion "1"]
[SourceVersionDate "2021.11.30"]
[SourceQuality "1"]

1. e4 e5 2. Nf3 Nf6 3. Bc4 d5 4. exd5 Bd6 5. d3 h6 6. Nc3 0-0 7. 0-0 Bg4 8. h3 Bh5 9. Re1 Nbd7 10. Ne4 a5 11. Ng3 Bg6 12. Nh4 Bh7 13. Nhf5 Re8 14. a4 Bf8 15. Bb3 Nc5 16. Bc4 Nxd5 17. Bd2 c6 18. Qg4 Qf6 19. Nxh6+ Kh8 20. Nhf5 Rad8 21. Bc3 Nxc3 22. bxc3 Ne6 23. Ne3 Nf4 24. Nh5 Qg6 25. Nxf4 Qxg4 26. Nxg4 exf4 27. Bxf7 Rxe1+ 28. Rxe1 g5 29. Re5 Bg7 30. Rxg5 Bxc3 31. Bc4 Re8 32. Nh6 Bxd3 33. cxd3 Re1+ 34. Kh2 b5 35. axb5 a4 36. bxc6 Re8 37. c7 a3 38. Nf7+ Kh7 39. Nd8 f3 40. gxf3 Be5+ 41. Rxe5 Rxe5 42. c8Q a2 43. Bxa2 Kh6 44. Qg4 Re1 45. Kg3 Rg1+ 46. Kf4 Re1 47. Qg5+ Kh7 48. Ne6 Rxe6 49. Qf5+ Rg6 50. Bf7 Kh8 51. Bxg6 Kg7 52. Qf7+ Kh6 53. Qh7# 1-0

[Event "Cappelle Online Blitz op 1st"]
[Site "Europe Echecs INT"]
[Date "2021.01.10"]
[Round "11"]
[White "Daulyte Cornette, Deimante"]
[Black "Mallassagne, Francois Eric"]
[Result "1-0"]
[WhiteElo "2387"]
[BlackElo "2149"]
[PlyCount "121"]
[EventDate "2021.01.10"]
[EventType "swiss (blitz)"]
[EventRounds "11"]
[EventCountry "FRA"]
[SourceTitle "CBM 200 Extra"]
[Source "ChessBase"]
[SourceDate "2021.03.31"]
[SourceVersion "1"]
[SourceVersionDate "2021.03.31"]
[SourceQuality "1"]

1. e4 e5 2. Bc4 Nf6 3. Nc3 c6 4. d4 exd4 5. Qxd4 d6 6. Nf3 Be7 7. Bf4 b5 8. Bb3 0-0 9. Qe3 a5 10. a3 Na6 11. 0-0 Nc5 12. Ba2 Ne6 13. Bg3 Nh5 14. Rad1 Nxg3 15. hxg3 b4 16. Na4 Bd7 17. Nb6 Rb8 18. Nxd7 Qxd7 19. Ne5 Qc7 20. Nxf7 Kxf7 21. f4 b3 22. Bxb3 Rxb3 23. Qxb3 Rb8 24. Qc4 Qb6+ 25. Kh2 Qc5 26. Qa2 Qh5+ 27. Kg1 Qc5+ 28. Rf2 Kf6 29. e5+ dxe5 30. fxe5+ Kxe5 31. Re1+ Kd6 32. Qxe6+ Kc7 33. Qxe7+ Kb6 34. Qxc5+ Kxc5 35. b3 Rd8 36. Rf5+ Kb6 37. Re7 Rd2 38. Rf2 Rd1+ 39. Kh2 g5 40. Rxh7 Ra1 41. a4 Kc5 42. Rg7 Kb4 43. Rxg5 c5 44. Rg4+ Ka3 45. Rc4 Re1 46. Rxc5 Re8 47. Rxa5 Kb4 48. Rb5+ Ka3 49. a5 Rh8+ 50. Kg1 Rh6 51. Rb6 Rh5 52. a6 Ra5 53. Rf1 Kb2 54. c4 Kc3 55. b4 Kxc4 56. bxa5 Kc5 57. a7 Kd5 58. a8Q+ Ke5 59. Qe8+ Kd4 60. Rd1+ Kc5 61. Qc6# 1-0